| 000 -LEADER |
| fixed length control field |
00880nam a2200253Ia 4500 |
| 001 - CONTROL NUMBER |
| control field |
16504 |
| 003 - CONTROL NUMBER IDENTIFIER |
| control field |
GE_BSU |
| 008 - FIXED-LENGTH DATA ELEMENTS--GENERAL INFORMATION |
| fixed length control field |
181216s||||||||xx |||||||||||||| ||und|| |
| 020 ## - INTERNATIONAL STANDARD BOOK NUMBER |
| International Standard Book Number |
9785394013010 |
| 040 ## - CATALOGING SOURCE |
| Transcribing agency |
GE_BSU |
| 080 ## - UNIVERSAL DECIMAL CLASSIFICATION NUMBER |
| Universal Decimal Classification number |
543 |
| 100 ## - MAIN ENTRY--PERSONAL NAME |
| Personal name |
Валова,(Копытина)В.Д. Паршина,Е.И. |
| 245 ## - TITLE STATEMENT |
| Title |
Аналитическая химия и физико-химические методы анализа |
| 245 ## - TITLE STATEMENT |
| Remainder of title |
Практикум |
| 245 ## - TITLE STATEMENT |
| Statement of responsibility, etc. |
Гл.ред.А.Е.Илларионова. Худ.В.А.Антинов |
| 260 ## - PUBLICATION, DISTRIBUTION, ETC. |
| Place of publication, distribution, etc. |
Москва |
| 260 ## - PUBLICATION, DISTRIBUTION, ETC. |
| Name of publisher, distributor, etc. |
Дашков и К |
| 260 ## - PUBLICATION, DISTRIBUTION, ETC. |
| Date of publication, distribution, etc. |
2015 |
| 300 ## - PHYSICAL DESCRIPTION |
| Extent |
200стр.илл.20см. |
| 653 ## - INDEX TERM--UNCONTROLLED |
| Uncontrolled term |
Аналитическая химия и физико-химические методы анализа |
| 653 ## - INDEX TERM--UNCONTROLLED |
| Uncontrolled term |
ანალიზური ქიმია |
| 942 ## - ADDED ENTRY ELEMENTS (KOHA) |
| Koha item type |
წიგნი |